000 01741nas1a22002651 4500
001 RU\NLR\INFOCOMM55\5000186609
005 20260412042916.0
035 _a(NLR Aleph) 002779005
090 _a13652764
_c13652764
100 _a20050207c1966 u y0rusy50 ca
101 0 _arus
102 _aEE
110 _azyuzz 0|y|
200 1 _aТруды Института экспериментальной и клинической медицины Министерства здравоохранения Эстонской ССР
210 _aТаллин
_c"Валгус"
_d1966-1970
430 0 _12001#$aТруды Эстонского института экспериментальной и клинической медицины Академии медицинских наук СССР
_tТруды Эстонского института экспериментальной и клинической медицины Академии медицинских наук СССР
710 0 2 _4070
_aЭстонский институт экспериментальной и клинической медицины
_cТаллин
_9752855
_3RU\NLR\AUTH\8810127853
801 0 _aRU
_bNLR
_gPSBO
801 1 _aRU
_bInfoComm
_c20050207
852 _aNLR
_jП16/1081
942 _cSE
980 _aRUSPER
980 _aNB